[Event "HUN-ch U20"]
[Site "Szolnok"]
[Date "2024.04.05"]
[Round "8"]
[White "Panda, Barnabas"]
[Black "Bodrogi, Bendeguz"]
[Result "0-1"]
[WhiteElo "2066"]
[BlackElo "2316"]
[PlyCount "74"]
[EventDate "2024.03.31"]
[EventType "swiss"]
[EventRounds "9"]
[EventCountry "HUN"]
[SourceTitle "CB16_2024"]
[SourceDate "2024.04.17"]
[SourceVersion "1"]
[SourceVersionDate "2024.04.17"]
[SourceQuality "1"]

1. c4 e6 2. g3 d5 3. Nf3 d4 4. Bg2 Nc6 5. d3 Bb4+ 6. Nbd2 a5 7. 0-0 Nf6 8. a3 Be7 9. b3 0-0 10. Bb2 e5 11. Qc2 Re8 12. Rfe1 Bf5 13. Rad1 Bc5 14. Ng5 Qd7 15. Nde4 Nxe4 16. Nxe4 Bf8 17. Qc1 Rad8 18. Qa1 Bg6 19. e3 Bh5 20. Rd2 h6 21. Rc2 dxe3 22. Rxe3 Nd4 23. Bxd4 exd4 24. Re1 Qe7 25. Rb1 f5 26. Nd2 Qxa3 27. Qxa3 Bxa3 28. Bxb7 Be2 29. Ra1 Bxd3 30. Rca2 Bb4 31. Bd5+ Kh7 32. Nf3 c5 33. Rxa5 Bxa5 34. Rxa5 Be4 35. Rxc5 Rxd5 36. cxd5 Bxf3 37. Rc1 d3 0-1

[Event "HUN-ch U20"]
[Site "Szolnok"]
[Date "2024.04.03"]
[Round "4"]
[White "Bodrogi, Bendeguz"]
[Black "Gergely, Daniel1"]
[Result "1-0"]
[WhiteElo "2316"]
[BlackElo "2230"]
[PlyCount "149"]
[EventDate "2024.03.31"]
[EventType "swiss"]
[EventRounds "9"]
[EventCountry "HUN"]
[SourceTitle "CB16_2024"]
[SourceDate "2024.04.17"]
[SourceVersion "1"]
[SourceVersionDate "2024.04.17"]
[SourceQuality "1"]

1. Nf3 d5 2. g3 c6 3. Bg2 Nf6 4. 0-0 Bg4 5. d4 Nbd7 6. c4 e6 7. h3 Bf5 8. Nc3 h6 9. Nd2 Be7 10. e4 dxe4 11. Ndxe4 Nxe4 12. Nxe4 Nf6 13. Nc3 0-0 14. Be3 Rc8 15. Qb3 Qd7 16. Rfd1 Bd6 17. a4 Rfd8 18. a5 Qe7 19. Re1 Qd7 20. a6 b6 21. Rad1 Re8 22. Qa4 Red8 23. Rd2 Kh8 24. Ra1 Qe8 25. Re1 Qd7 26. Rdd1 Kg8 27. Rc1 Bd3 28. b3 Bf5 29. b4 Bd3 30. b5 c5 31. Bc6 Qe7 32. Rcd1 cxd4 33. Bxd4 Bf5 34. Kg2 Nh5 35. Ne4 Bb4 36. Re3 e5 37. Bb2 Rxd1 38. Qxd1 Nf6 39. Nxf6+ gxf6 40. Qh5 Bg6 41. Qh4 Rd8 42. Bxe5 fxe5 43. Qxh6 Bd2 44. h4 Bxe3 45. Qxe3 Rd4 46. Qe2 e4 47. h5 Bf5 48. Qe3 Rxc4 49. Qf4 Rd4 50. Qxf5 e3 51. fxe3 Qxe3 52. Bf3 Rd2+ 53. Kh3 Qe6 54. Qxe6 fxe6 55. Kg4 Kg7 56. Kg5 Rd3 57. h6+ Kf7 58. Bh5+ Kg8 59. g4 Rd5+ 60. Kg6 Rxb5 61. h7+ Kh8 62. g5 Rb2 63. Kh6 Rh2 64. g6 Rg2 65. Be2 Rh2+ 66. Bh5 Rg2 67. Be2 e5 68. Bd3 Rh2+ 69. Kg5 Kg7 70. Kf5 Rh5+ 71. Ke6 Rh3 72. Bf5 b5 73. Bxh3 e4 74. h8Q+ Kxh8 75. Kf7 1-0

[Event "HUN-chT 2324"]
[Site "Hungary"]
[Date "2024.02.18"]
[Round "4.10"]
[White "Lakos, Nikoletta"]
[Black "Bodrogi, Bendeguz"]
[Result "1/2-1/2"]
[WhiteElo "2210"]
[BlackElo "2243"]
[PlyCount "74"]
[EventDate "2023.10.28"]
[EventType "team-tourn"]
[EventRounds "9"]
[EventCountry "HUN"]
[SourceTitle "CB16_2024"]
[SourceDate "2024.04.17"]
[SourceVersion "1"]
[SourceVersionDate "2024.04.17"]
[SourceQuality "1"]
[WhiteTeam "Haladas"]
[BlackTeam "Paks"]
[WhiteTeamCountry "HUN"]
[BlackTeamCountry "HUN"]

1. e4 c6 2. Nf3 d5 3. Nc3 dxe4 4. Nxe4 Nf6 5. Ng3 c5 6. b3 Nc6 7. Bb2 e6 8. Bb5 Be7 9. 0-0 Bd7 10. Bxc6 Bxc6 11. Ne5 Qd5 12. Nxc6 Qxc6 13. Re1 0-0 14. d3 Rfe8 15. Nh5 Nxh5 16. Qxh5 Rad8 17. Qg4 Bf8 18. Re3 Rd5 19. Rae1 g6 20. Qf4 Bg7 21. Bxg7 Kxg7 22. Rh3 h5 23. Qe4 Qc7 24. Rf3 Red8 25. Qf4 Qxf4 26. Rxf4 Rd4 27. Rfe4 g5 28. a4 Kf6 29. Re5 R8d5 30. Rxd5 Rxd5 31. f3 e5 32. Kf2 Ke6 33. g4 Rd4 34. Re4 hxg4 35. fxg4 f5 36. Rxd4 exd4 37. Kf3 fxg4+ 1/2-1/2

[Event "Nova Gorica op 28th"]
[Site "Nova Gorica"]
[Date "2024.01.29"]
[Round "5"]
[White "Bodrogi, Bendeguz"]
[Black "Sebenik, Matej"]
[Result "1/2-1/2"]
[WhiteElo "2261"]
[BlackElo "2536"]
[PlyCount "197"]
[EventDate "2024.01.26"]
[EventType "swiss"]
[EventRounds "9"]
[EventCountry "SLO"]
[SourceTitle "CB06_2024"]
[SourceDate "2024.02.07"]
[SourceVersion "1"]
[SourceVersionDate "2024.02.07"]
[SourceQuality "1"]

1. Nf3 Nf6 2. g3 g6 3. b3 Bg7 4. Bb2 d6 5. d4 b5 6. Bg2 Bb7 7. 0-0 Nbd7 8. Nbd2 0-0 9. c4 bxc4 10. Nxc4 a5 11. Nh4 Qb8 12. d5 a4 13. e4 axb3 14. axb3 Nc5 15. Rb1 Ncxe4 16. Re1 Nc5 17. Rxe7 Re8 18. Rxe8+ Qxe8 19. b4 Ncd7 20. Na5 Ba6 21. Nc6 Bb5 22. Qd2 Qf8 23. Re1 Re8 24. Re3 Nb6 25. Bd4 Rxe3 26. Bxe3 Qa8 27. Bd4 Qa4 28. Ne7+ Kf8 29. Nef5 gxf5 30. Nxf5 Ne8 31. Nxg7 Nxg7 32. h4 Qb3 33. Be4 h6 34. Kh2 Qc4 35. Bf3 Nd7 36. Bb2 Ne5 37. Bxe5 dxe5 38. Qxh6 Kg8 39. Qf6 Qxb4 40. Qxe5 Qd6 41. Qg5 f6 42. Qd2 Be8 43. Bg2 Bf7 44. Qa5 Nf5 45. Qa4 Ne7 46. Qg4+ Kf8 47. h5 Qe5 48. h6 Qh5+ 49. Qxh5 Bxh5 50. Kh3 Bf7 51. d6 cxd6 52. g4 Bg6 53. f4 Ng8 54. g5 fxg5 55. fxg5 Ne7 56. Kg4 Kf7 57. Kf4 Ke6 58. Bh3+ Kd5 59. Bd7 Kd4 60. Be6 Kc5 61. Bd7 Kd5 62. Bg4 Bh7 63. Bh5 Ke6 64. Bg4+ Kf7 65. Bf3 Ng6+ 66. Ke3 Ne5 67. Bd5+ Ke7 68. Kf4 Nd3+ 69. Ke3 Ne5 70. Kf4 Nd7 71. Kf3 Nf8 72. Kg4 Ne6 73. Bb3 Bg6 74. Bd5 Nc7 75. Bg8 Kf8 76. Bb3 Nb5 77. Bd5 Nd4 78. Kf4 Ke7 79. Bg8 Ne6+ 80. Kg4 Nf8 81. Kf4 Bf7 82. h7 Ng6+ 83. Kf5 Nh8 84. Ke4 Kf8 85. Kd4 Kg7 86. Ke4 Ng6 87. Kd4 Kf8 88. Ke4 Ke7 89. Kf5 Nh8 90. Ke4 Ke8 91. Kf5 Ke7 92. Ke4 Kf8 93. Kf5 Kg7 94. Ke4 Ng6 95. Kd4 Kf8 96. Ke4 Ke7 97. Kf5 Kf8 98. Kf6 Be8 99. Ke6 1/2-1/2

[Event "Nova Gorica op 28th"]
[Site "Nova Gorica"]
[Date "2024.01.27"]
[Round "2"]
[White "Bodrogi, Bendeguz"]
[Black "Dorokhina, Elizaveta"]
[Result "1-0"]
[WhiteElo "2261"]
[BlackElo "1994"]
[PlyCount "129"]
[EventDate "2024.01.26"]
[EventType "swiss"]
[EventRounds "9"]
[EventCountry "SLO"]
[SourceTitle "CB06_2024"]
[SourceDate "2024.02.07"]
[SourceVersion "1"]
[SourceVersionDate "2024.02.07"]
[SourceQuality "1"]

1. Nf3 d5 2. g3 g6 3. c4 c6 4. Qa4 dxc4 5. Qxc4 Bg7 6. Bg2 Nf6 7. 0-0 0-0 8. Nc3 Nbd7 9. d4 Nb6 10. Qd3 Be6 11. Rd1 Qc8 12. e4 Rd8 13. Bf4 Bg4 14. Rac1 Nh5 15. Be3 Qd7 16. Qf1 Qe8 17. h3 Bxf3 18. Bxf3 Nf6 19. a4 e6 20. a5 Nbd7 21. a6 b5 22. e5 Nd5 23. Nxd5 cxd5 24. Qxb5 Bf8 25. Rc7 Nxe5 26. Qxe8 Nxf3+ 27. Kg2 Rxe8 28. Kxf3 Reb8 29. Rdc1 Rb6 30. Rd7 Rxa6 31. Rcc7 Bd6 32. Rb7 Rf8 33. Bh6 Re8 34. Rxf7 Bf8 35. Rxh7 Rb6 36. Rxa7 Rxb2 37. Kg4 Bxh6 38. Rxh6 Rxf2 39. Rxg6+ Kf8 40. Rh6 Kg8 41. Rah7 Re2 42. Kg5 Kf8 43. Kf6 Rf2+ 44. Ke5 Re2+ 45. Kf6 Rf2+ 46. Kg6 Rf3 47. g4 e5 48. Rh8+ Ke7 49. R6h7+ Kd8 50. Rxe8+ Kxe8 51. dxe5 d4 52. g5 d3 53. Rh4 Ke7 54. Rd4 Rxh3 55. Rd6 Re3 56. Kh6 Rxe5 57. Rxd3 Re1 58. Kg7 Ke6 59. g6 Rg1 60. Rf3 Rg2 61. Kh7 Ke7 62. g7 Rh2+ 63. Kg8 Ra2 64. Rh3 Kf6 65. Kh8 1-0

[Event "Arco op 45th"]
[Site "Arco"]
[Date "2023.10.11"]
[Round "5"]
[White "Bodrogi, Bendeguz"]
[Black "Bluebaum, Johanna"]
[Result "1-0"]
[WhiteElo "2243"]
[BlackElo "1944"]
[PlyCount "115"]
[EventDate "2023.10.07"]
[EventType "swiss"]
[EventRounds "9"]
[EventCountry "ITA"]
[SourceTitle "Mega2024 Update 01"]
[Source "Chessbase"]
[SourceDate "2023.11.12"]
[SourceVersion "1"]
[SourceVersionDate "2023.11.12"]
[SourceQuality "1"]

1. Nf3 d5 2. g3 e6 3. Bg2 Nf6 4. 0-0 Bd6 5. c4 c5 6. cxd5 exd5 7. d4 0-0 8. dxc5 Bxc5 9. a3 a5 10. Nc3 Nc6 11. Bg5 Be6 12. Rc1 Be7 13. Nd4 h6 14. Nxe6 fxe6 15. Bd2 Qb6 16. Bh3 Nd8 17. Rb1 d4 18. Na2 e5 19. Nc1 Bxa3 20. Qb3+ Qxb3 21. Nxb3 Bb4 22. Bxb4 axb4 23. f4 exf4 24. Rxf4 Nc6 25. Bg2 g5 26. Rf5 Rad8 27. Nc5 Ne7 28. Re5 Ng6 29. Re6 Rde8 30. Rf1 Rxe6 31. Nxe6 Rf7 32. Nxd4 Ne5 33. Rf5 Neg4 34. h3 Ne3 35. Rb5 Nxg2 36. Kxg2 Re7 37. Kf3 Ne4 38. Nf5 Nd2+ 39. Kg4 Rxe2 40. Rxb7 Re4+ 41. Kh5 b3 42. Kxh6 Re6+ 43. Kxg5 Ne4+ 44. Kf4 Nc5 45. Rb5 Re4+ 46. Kg5 Re5 47. Kg6 Re6+ 48. Kh5 Re5 49. g4 Kf7 50. h4 Ke6 51. Kg6 Kd5 52. h5 Re6+ 53. Kf7 Re2 54. h6 Kc4 55. Nd6+ Kd5 56. Nb7 Rxb2 57. Nxc5 Kc4 58. Rxb3 1-0

[Event "Arco op 45th"]
[Site "Arco"]
[Date "2023.10.10"]
[Round "4"]
[White "Bodrogi, Bendeguz"]
[Black "Moreno Ruiz, Javier"]
[Result "1/2-1/2"]
[WhiteElo "2243"]
[BlackElo "2409"]
[PlyCount "85"]
[EventDate "2023.10.07"]
[EventType "swiss"]
[EventRounds "9"]
[EventCountry "ITA"]
[SourceTitle "Mega2024 Update 01"]
[Source "Chessbase"]
[SourceDate "2023.11.12"]
[SourceVersion "1"]
[SourceVersionDate "2023.11.12"]
[SourceQuality "1"]

1. Nf3 Nf6 2. g3 g6 3. Bg2 Bg7 4. 0-0 0-0 5. d4 d6 6. Nc3 Nbd7 7. a4 c6 8. a5 Qc7 9. Qd3 Rb8 10. e4 e5 11. dxe5 dxe5 12. Qc4 Ne8 13. Be3 b5 14. axb6 axb6 15. Rfd1 b5 16. Qb4 Nef6 17. Qd6 Rb7 18. Ne1 Ng4 19. Qxc7 Rxc7 20. Bc1 Nc5 21. f3 Nf6 22. Be3 Ne6 23. Ne2 Nd7 24. Nd3 Bb7 25. Bh3 f5 26. Ra7 Rf7 27. b4 Ndf8 28. Nc5 Nxc5 29. Bxc5 Ne6 30. Bb6 Rce7 31. Rd6 Ng5 32. Bg2 fxe4 33. fxe4 Rd7 34. Rxd7 Rxd7 35. h4 Ne6 36. Bh3 Kf7 37. Nc1 Bc8 38. Nd3 Rxa7 39. Bxa7 Bd7 40. Bxe6+ Bxe6 41. Bb8 Bc4 42. Nxe5+ Bxe5 43. Bxe5 1/2-1/2

[Event "Zalakaros Barczay Memorial"]
[Site "Zalakaros"]
[Date "2023.06.08"]
[Round "6"]
[White "Pribelszky, Bence"]
[Black "Bodrogi, Bendeguz"]
[Result "1-0"]
[WhiteElo "2377"]
[BlackElo "2113"]
[PlyCount "79"]
[EventDate "2023.06.03"]
[EventType "swiss"]
[EventRounds "9"]
[EventCountry "HUN"]
[SourceTitle "CBM 214 Extra"]
[Source "ChessBase"]
[SourceDate "2023.07.31"]
[SourceVersion "1"]
[SourceVersionDate "2023.07.31"]
[SourceQuality "1"]

1. e4 c6 2. d4 d5 3. f3 Qb6 4. Nc3 dxe4 5. fxe4 e5 6. Nf3 exd4 7. Qxd4 Qxd4 8. Nxd4 Nd7 9. Bf4 Ne7 10. 0-0-0 Ng6 11. Bg3 Bb4 12. Nf5 0-0 13. Be2 Nf6 14. Bd6 Bxd6 15. Nxd6 Ne5 16. Nb1 b6 17. Nd2 Be6 18. Nf3 Neg4 19. Rd4 c5 20. Ra4 Rfd8 21. e5 Nd7 22. Nxf7 Bxf7 23. Rxg4 Re8 24. Bb5 Be6 25. Ra4 Re7 26. Rd1 Nf8 27. Rd6 Bd7 28. Rxb6 axb6 29. Bc4+ Ne6 30. Rxa8+ Kf7 31. Rb8 b5 32. Bxb5 Bxb5 33. Rxb5 Kg6 34. a4 Kf5 35. a5 Kg4 36. a6 Ra7 37. Rb6 Nf4 38. Nd2 Nxg2 39. Ne4 g5 40. Nd6 1-0

[Event "HUN-ch U20"]
[Site "Budapest"]
[Date "2023.02.20"]
[Round "1"]
[White "Krstulovic, Alex"]
[Black "Bodrogi, Bendeguz"]
[Result "1-0"]
[WhiteElo "2423"]
[BlackElo "2130"]
[PlyCount "67"]
[EventDate "2023.02.20"]
[EventType "swiss"]
[EventRounds "7"]
[EventCountry "HUN"]
[SourceTitle "CBM 212 Extra"]
[Source "ChessBase"]
[SourceDate "2023.03.31"]
[SourceVersion "1"]
[SourceVersionDate "2023.03.31"]
[SourceQuality "1"]

1. d4 d5 2. Nf3 e6 3. Nbd2 Nf6 4. e3 c5 5. b3 Be7 6. Bd3 0-0 7. 0-0 b6 8. Bb2 Nc6 9. a3 a5 10. c4 Ba6 11. Qc2 Rc8 12. dxc5 bxc5 13. Rad1 d4 14. exd4 cxd4 15. Rfe1 g6 16. Qc1 Re8 17. Qa1 Bc5 18. Be4 e5 19. Bxc6 Rxc6 20. Nxe5 Rce6 21. Nd3 Ba7 22. Rxe6 Rxe6 23. Re1 Rxe1+ 24. Qxe1 Bc8 25. Nf3 Bf5 26. Nde5 Be4 27. Nxf7 Qb8 28. N7g5 Qxb3 29. Nxe4 Nxe4 30. Bxd4 Bxd4 31. Qxe4 Qxc4 32. Qe8+ Kg7 33. Qe7+ Kh6 34. Qh4+ 1-0

[Event "HUN-chT 2223"]
[Site "Hungary"]
[Date "2023.02.12"]
[Round "5.12"]
[White "Bodrogi, Bendeguz"]
[Black "Lakos, Nikoletta"]
[Result "0-1"]
[WhiteElo "2241"]
[BlackElo "2203"]
[PlyCount "66"]
[EventDate "2022.11.20"]
[EventType "team-tourn"]
[EventRounds "9"]
[EventCountry "HUN"]
[SourceTitle "CBM 213 Extra"]
[Source "ChessBase"]
[SourceDate "2023.05.31"]
[SourceVersion "1"]
[SourceVersionDate "2023.05.31"]
[SourceQuality "1"]
[WhiteTeam "Paks"]
[BlackTeam "Haladas"]
[WhiteTeamCountry "HUN"]
[BlackTeamCountry "HUN"]

1. c4 d6 2. g3 e5 3. Nc3 c6 4. Bg2 Be6 5. d3 h6 6. e4 g6 7. Nge2 Bg7 8. 0-0 Qd7 9. b4 Ne7 10. b5 0-0 11. Rb1 Rd8 12. Ba3 Nc8 13. Qc2 h5 14. Nd1 d5 15. bxc6 Qxc6 16. Ne3 dxc4 17. dxc4 Qa6 18. Bb2 Nb6 19. Nd5 Rd7 20. Rfc1 Nc6 21. Bf1 Qa4 22. Qd3 Nb4 23. Qe3 Nxa2 24. Ra1 Nxc1 25. Nxb6 Qxa1 26. Bxa1 Nxe2+ 27. Bxe2 axb6 28. Bb2 Ra6 29. Qc3 Ra8 30. Qb4 Rc8 31. Bf1 Rc6 32. Qb5 Rd1 33. Qb3 Rxf1+ 0-1

[Event "EU-ch U14 30th"]
[Site "Antalya"]
[Date "2022.11.13"]
[Round "8"]
[White "Geroe, Leonhard"]
[Black "Bodrogi, Bendeguz"]
[Result "1-0"]
[WhiteElo "1916"]
[BlackElo "2241"]
[PlyCount "41"]
[EventDate "2022.11.06"]
[EventType "swiss"]
[EventRounds "9"]
[EventCountry "TUR"]
[SourceTitle "EXT 2024"]
[Source "ChessBase"]
[SourceDate "2023.10.10"]
[SourceVersion "1"]
[SourceVersionDate "2023.10.10"]
[SourceQuality "1"]

1. e4 c5 2. Nf3 Nc6 3. d4 cxd4 4. Nxd4 e5 5. Nb5 d6 6. N1c3 a6 7. Na3 Be7 8. Nc4 b5 9. Ne3 Nf6 10. Bd3 0-0 11. 0-0 b4 12. Ncd5 Nxd5 13. Nxd5 Bg5 14. Bxg5 Qxg5 15. Re1 Rb8 16. c3 bxc3 17. bxc3 Ne7 18. Qc1 Qh4 19. g3 Qh5 20. Nxe7+ Kh8 21. Nxc8 1-0

[Event "EU-ch U14 30th"]
[Site "Antalya"]
[Date "2022.11.11"]
[Round "6"]
[White "Trevisiol, Antoine"]
[Black "Bodrogi, Bendeguz"]
[Result "0-1"]
[WhiteElo "1983"]
[BlackElo "2241"]
[PlyCount "31"]
[EventDate "2022.11.06"]
[EventType "swiss"]
[EventRounds "9"]
[EventCountry "TUR"]
[SourceTitle "EXT 2024"]
[Source "ChessBase"]
[SourceDate "2023.10.10"]
[SourceVersion "1"]
[SourceVersionDate "2023.10.10"]
[SourceQuality "1"]

1. d4 d5 2. c4 e6 3. Nc3 a6 4. cxd5 exd5 5. Nf3 h6 6. Ne5 Nf6 7. e4 Be6 8. exd5 Nxd5 9. Bc4 Nxc3 10. bxc3 Bxc4 11. Nxc4 Be7 12. Qg4 g6 13. 0-0 Nc6 14. Re1 Rf8 15. Rxe7+ Nxe7 16. Ne5 0-1

[Event "EU-ch U14 30th"]
[Site "Antalya"]
[Date "2022.11.07"]
[Round "2"]
[White "Demirtas, Alper"]
[Black "Bodrogi, Bendeguz"]
[Result "1-0"]
[WhiteElo "1840"]
[BlackElo "2241"]
[PlyCount "75"]
[EventDate "2022.11.06"]
[EventType "swiss"]
[EventRounds "9"]
[EventCountry "TUR"]
[SourceTitle "EXT 2024"]
[Source "ChessBase"]
[SourceDate "2023.10.10"]
[SourceVersion "1"]
[SourceVersionDate "2023.10.10"]
[SourceQuality "1"]

1. c4 e6 2. Nf3 d5 3. d4 a6 4. b3 Nf6 5. g3 b6 6. Bg2 Bb7 7. cxd5 exd5 8. 0-0 Bd6 9. Ba3 0-0 10. e3 Re8 11. Bxd6 Qxd6 12. Nc3 Nbd7 13. Rc1 c5 14. dxc5 bxc5 15. Qd3 Rac8 16. Rfd1 Qe7 17. Qb1 Red8 18. Qb2 h6 19. Qa3 Qe6 20. Ne2 Qb6 21. Nf4 Nf8 22. Ne5 Ne6 23. Nfd3 Ne4 24. Nb2 N6g5 25. f3 Qf6 26. f4 Ne6 27. Bxe4 dxe4 28. Nbc4 Qe7 29. Na5 Ba8 30. Qa4 Qc7 31. Rd7 Rxd7 32. Qxd7 Qxd7 33. Nxd7 Rc7 34. Nb6 Bc6 35. f5 Nd8 36. Rxc5 Kf8 37. b4 Ke7 38. Nd5+ 1-0

[Event "Arco op 44th"]
[Site "Arco"]
[Date "2022.10.12"]
[Round "5"]
[White "Bodrogi, Bendeguz"]
[Black "Lagrotteria, Salvatore"]
[Result "1/2-1/2"]
[WhiteElo "2233"]
[BlackElo "2007"]
[PlyCount "63"]
[EventDate "2022.10.08"]
[EventType "swiss"]
[EventRounds "9"]
[EventCountry "ITA"]
[SourceTitle "CBM 210 Extra"]
[Source "ChessBase"]
[SourceDate "2022.11.30"]
[SourceVersion "1"]
[SourceVersionDate "2022.11.30"]
[SourceQuality "1"]

1. c4 Nf6 2. g3 e6 3. Bg2 d5 4. Nf3 Be7 5. 0-0 0-0 6. d4 c5 7. cxd5 Nxd5 8. e4 Nf6 9. Nc3 cxd4 10. Nxd4 e5 11. Nf5 Bxf5 12. exf5 Nc6 13. Be3 Qa5 14. Qb3 Bb4 15. a3 Bxc3 16. bxc3 Qc7 17. Rab1 b6 18. Rfd1 Na5 19. Qb4 Rad8 20. Bg5 Rxd1+ 21. Rxd1 Rd8 22. Qa4 Rxd1+ 23. Qxd1 h6 24. Bxf6 gxf6 25. Qg4+ Kf8 26. Qh5 Kg7 27. Qg4+ Kf8 28. Bd5 Nb7 29. Qh5 Kg7 30. Qg4+ Kf8 31. Qh4 Kg7 32. Qg4+ 1/2-1/2

[Event "Arco op 44th"]
[Site "Arco"]
[Date "2022.10.11"]
[Round "4"]
[White "Mattenberger, Matthias"]
[Black "Bodrogi, Bendeguz"]
[Result "1/2-1/2"]
[WhiteElo "2025"]
[BlackElo "2233"]
[PlyCount "68"]
[EventDate "2022.10.08"]
[EventType "swiss"]
[EventRounds "9"]
[EventCountry "ITA"]
[SourceTitle "CBM 210 Extra"]
[Source "ChessBase"]
[SourceDate "2022.11.30"]
[SourceVersion "1"]
[SourceVersionDate "2022.11.30"]
[SourceQuality "1"]

1. d4 d5 2. c4 e6 3. Nc3 a6 4. cxd5 exd5 5. Nf3 h6 6. Qb3 Nf6 7. e4 Nxe4 8. Qxd5 Nxc3 9. Qxd8+ Kxd8 10. bxc3 Be6 11. Be3 Nd7 12. c4 c6 13. Bd3 Bd6 14. 0-0 Ke7 15. Rfe1 Nf6 16. Bd2 Rhe8 17. Ba5 b5 18. Ne5 Bxe5 19. dxe5 Nd7 20. Bc7 Bxc4 21. Bxc4 bxc4 22. Rac1 Rec8 23. Bd6+ Ke6 24. Rxc4 c5 25. Rec1 Nxe5 26. Bxe5 Kxe5 27. Rxc5+ Rxc5 28. Rxc5+ Kd6 29. Rc2 Ra7 30. g3 Kd5 31. h4 Kd4 32. Kg2 a5 33. Rb2 Kc4 34. a4 Kd4 1/2-1/2